Score 0/24 Timer 04:00
4 Plays Today
Denial Missing Word % Correct
“Toto, I've a feeling we're not in ______ anymore.”Kansas
92.2%
“I'm not saying that we're better or greater, or comparing us with _____ Christ…”Jesus
91.8%
“I am not left-_______!”handed
91.7%
“I do not like ______ eggs and ham...”green
91%
“I'm not a smart man… but I know what ____ is.”love
81.2%
“I did not have sexual relations with that _____.”woman
79.3%
“I am not an __________ ... and I don't ever want to be one. I am a Scotsman!”Englishman
78.6%
“Well, I am not a ___.”crook
71%
“I'm a doctor, not a _____layer!”brick
69.2%
“I am not an _______!”animal
66.7%
“You are not a man. You are a big ___ joke.”fat
61.7%
“These aren't the ______ you're looking for.”droids
60.7%
Denial Missing Word % Correct
“I am not _____.”Spock
56.7%
“I am not a ________ because I love animals. I am a _________ because I hate plants.”vegetarian
55.1%
“I am not an ___!”owl
53.8%
“I am not ashamed to confess that I am ________ of what I do not know.”ignorant
48.4%
“I am not a ______. I will fight until I drop.”quitter
47.9%
“I'm not the ____ anyone, I'm the first Maria Sharapova.”next
41.6%
“I am not _____ that you lied to me, I am _____ that from now on I cannot believe you.”upset
39.1%
“I am not _____ enough to know everything.”young
36.3%
“I am not arguing with you, I am ______ you!”telling
35%
“I am not _____. I am beautiful. I am as radiant as the sun.”pretty
30.8%
“I'm not a _______; I'm just ahead of the curve.”monster
21.5%
“I am not part of the problem. I am a __________.”Republican
11.5%

Today's Daily Dose

Remove Ads.
Support Sporcle.
Get the best of Sporcle when you Go Orange. This ad-free experience offers more features, more stats, and more fun while also helping to support Sporcle. Thank you for becoming a member.

You're not logged in!

Compare scores with friends on all Sporcle quizzes.
OR
Log In

Show Comments

Extras

Top Quizzes Today


Score Distribution

Your Account Isn't Verified!

In order to create a playlist on Sporcle, you need to verify the email address you used during registration. Go to your Sporcle Settings to finish the process.

Report this User

Report this user for behavior that violates our Community Guidelines.

Details: